Psicología ecocéntrica : de pequeños cambios personales a grandes transformaciones colectivas /
Introducción al concepto de psicología ecocéntrica, cuyos orígenes están situados en la psicología ambiental. La psicóloga clínica Elsa Sánchez-Corral Fernández aborda problemas e ideas centrales como el cambio climático y la sustentabilidad, para después exponer el papel de las emociones en la cond...
Salvato in:
| Autore principale: | |
|---|---|
| Natura: | Libro |
| Lingua: | spagnolo |
| Pubblicazione: |
México :
Universidad Iberoamericana, Plantel Santa Fe,
2025, c2025
|
| Soggetti: | |
| Tags: |
Nessun Tag, puoi essere il primo ad aggiungerne!!
|
MARC
| LEADER | 00000nam^a2200000^a^4500 | ||
|---|---|---|---|
| 001 | 000629784 | ||
| 005 | 20260408000000.0 | ||
| 009 | 20260409133035.878 | ||
| 020 | |a 978-607-2644-45-8 | ||
| 037 | |a Acervo ITESO - Biblioteca | ||
| 041 | |a ESP | ||
| 082 | |a 155. 9 |b SAN | ||
| 100 | |a Sánchez-Corral Fernández, Elsa |e (autor) | ||
| 245 | 1 | 0 | |a Psicología ecocéntrica : |b de pequeños cambios personales a grandes transformaciones colectivas / |c E. Sánchez-Corral Fernández. |
| 264 | 4 | |a México : |b Universidad Iberoamericana, Plantel Santa Fe, |c 2025, c2025 | |
| 300 | |a 276 p. | ||
| 336 | |a texto |b txt |2 rdacontenido | ||
| 337 | |a sin mediación |b n |2 rdamedio | ||
| 338 | |a volumen |b nc |2 rdasoporte | ||
| 520 | |a Introducción al concepto de psicología ecocéntrica, cuyos orígenes están situados en la psicología ambiental. La psicóloga clínica Elsa Sánchez-Corral Fernández aborda problemas e ideas centrales como el cambio climático y la sustentabilidad, para después exponer el papel de las emociones en la conducta proambiental, las barreras psicológicas para la acción climática y las estrategias para el cambio en el comportamiento. La autora integra una sección sobre problemas de salud mental originados en esta crisis y las estrategias de afrontamiento desde modelos psicoterapéuticos proambientales, además de resaltar el trabajo de la educación ambiental. | ||
| 649 | |a XX | ||
| 650 | |a Modificación de Conducta | ||
| 650 | |a Cambios Sociales y Culturales | ||
| 650 | |a Conservación y Protección Ambiental | ||
| 650 | |a Desarrollo Sustentable | ||
| 650 | |a Cambio Climático | ||
| 650 | |a Impacto Ambiental | ||
| 650 | |a Educación Ambiental | ||
| 650 | |a Psicoterapia | ||
| 650 | |a Psicología Clínica | ||
| 650 | |a Psicología Ambiental - |x Tema Principal | ||
| 650 | |a Ciencias Ambientales | ||
| 910 | |a Fondo General | ||
| 920 | |a Impresos - Libros | ||
| 930 | |a Colección General | ||
| 905 | |a 101 | ||
| 901 | |a 629784-10 |b IT1 |c ACC |i D132178 |u 20260408 | ||
| 902 | |a https://opac.biblio.iteso.mx/vufind/Record/000629784 | ||